[Event "AUTO-OPEN-1203"]
[Site "http://www.queenalice.com/game.php?id=436101"]
[Date "2008.7.20"]
[Round "1"]
[White "papalucas"]
[Black "ricardosf"]
[Result "1-0"]
[WhiteElo "1750"]
[BlackElo "1452"]

1. d4 e6 2. e4 Bb4+ 3. c3 Ba5 4. b4 Bb6 5. a4 a5 6. Qg4 Nf6 7. Qxg7 Rg8 8. Qh6
axb4 9. e5 bxc3 10. exf6 c2 11. Qxh7 Rf8 12. Qg7 cxb1=R 13. Rxb1 Ba5+ 14. Kd1
Nc6 15. Bh6 d5 16. Qxf8+ Kd7 17. Qxf7+ Kd6 18. Bf8+ Ne7 19. Bxe7+ Qxe7 20. Qxe7+
Kc6 21. Bb5+ Kb6 22. Qc5# 1-0

[Event "AUTO-OPEN-1203"]
[Site "http://www.queenalice.com/game.php?id=436103"]
[Date "2008.7.20"]
[Round "1"]
[White "papalucas"]
[Black "Undertaker"]
[Result "0-1"]
[WhiteElo "1761"]
[BlackElo "1925"]

1. d4 d5 2. g3 Nf6 3. Bf4 Nc6 4. Nc3 Bg4 5. Nb5 Rc8 6. Bxc7 Rxc7 7. Nxc7+ Qxc7
8. c3 e5 9. f3 Bf5 10. g4 Bg6 11. Rc1 e4 12. g5 Nh5 13. e3 f6 14. f4 fxg5 15. f5
Bf7 16. Nh3 h6 17. Be2 Nf6 18. b4 Ne7 19. Qa4+ Kd8 20. O-O a6 21. Rb1 Qxc3 22.
b5 Qxe3+ 23. Nf2 Qxe2 24. Rb3 Nxf5 25. bxa6 Qxa6 26. Qxa6 bxa6 27. Rd1 e3 28.
Nh3 Bh5 29. Rb8+ Kc7 30. Rdb1 Nxd4 31. R1b7+ Kd6 32. Rb6+ Ke5 33. Rxa6 e2 34.
Kf2 Ne4+ 0-1

[Event "AUTO-OPEN-1203"]
[Site "http://www.queenalice.com/game.php?id=436104"]
[Date "2008.7.20"]
[Round "1"]
[White "Undertaker"]
[Black "papalucas"]
[Result "1-0"]
[WhiteElo "1800"]
[BlackElo "1762"]

1. e4 c5 2. Bc4 e6 3. Nf3 a6 4. Ne5 b5 5. Bd3 c4 6. Bf1 Qc7 7. Ng4 Bd6 8. d3 h5
9. Ne3 cxd3 10. Bxd3 Bxh2 11. g3 Bxg3 12. fxg3 Qxg3+ 13. Ke2 f5 14. exf5 exf5
15. Nxf5 Qe5+ 16. Kf2 Qc5+ 17. Be3 Qf8 18. Rxh5 Nh6 19. Qe2 Nxf5 20. Bxf5 d6 21.
Rxh8 Qxh8 22. Bg5+ Kf7 23. Qe7+ 1-0

[Event "AUTO-OPEN-1203"]
[Site "http://www.queenalice.com/game.php?id=436105"]
[Date "2008.7.20"]
[Round "1"]
[White "papalucas"]
[Black "ciceroeduardo"]
[Result "0-1"]
[WhiteElo "1769"]
[BlackElo "1613"]

1. d4 d5 2. Nf3 Nf6 3. e3 Nc6 4. a3 Bg4 5. b4 e5 6. h3 Bxf3 7. Qxf3 exd4 8. exd4
Bd6 9. c4 Nxd4 10. Qe3+ Ne6 11. g3 O-O 12. Bg2 d4 13. Qb3 Re8 14. O-O c5 15.
Bxb7 Rb8 16. Bc6 Re7 17. Bd2 a5 18. b5 Bc7 19. g4 Qd6 20. f4 Ne4 21. Bxe4 Bd8
22. a4 Nf8 23. Bd5 Ng6 24. Qg3 Re8 25. g5 Bc7 26. Qg4 Qe7 27. f5 Qe5 28. Bf4
Nxf4 29. Rxf4 Qxf4 30. Qxf4 Bxf4 31. h4 Re1+ 32. Kf2 Rbe8 33. b6 R8e2+ 34. Kf3
Be5 0-1

[Event "AUTO-OPEN-1203"]
[Site "http://www.queenalice.com/game.php?id=436106"]
[Date "2008.7.20"]
[Round "1"]
[White "ciceroeduardo"]
[Black "papalucas"]
[Result "1-0"]
[WhiteElo "1630"]
[BlackElo "1747"]

1. e4 d5 2. exd5 Qxd5 3. Nc3 Qd8 4. Nf3 a6 5. d4 b6 6. Bd3 e6 7. O-O Nc6 8. Re1
Nxd4 9. Bg5 f6 10. Be3 Nc6 11. a3 Bb7 12. Nh4 f5 13. Nf3 g6 14. Qd2 Na7 15. Bf4
h6 16. Rxe6+ Ne7 17. Ne5 g5 18. Ng6 Rh7 19. Nxf8 Kxf8 20. Rae1 gxf4 21. Qxf4
Nac6 22. Bxf5 Nxf5 23. Qxf5+ Rf7 24. Qh5 Qd2 25. R1e2 Qc1+ 26. Re1 Qxc2 27.
Qxh6+ Rg7 28. Qf6+ Kg8 29. R6e2 Rf8 30. Qe6+ Kh7 31. Rxc2 Nd4 32. Qh3+ Kg8 33.
Rd2 Rxg2+ 34. Kf1 Rfxf2+ 35. Rxf2 1-0

[Event "Challenge"]
[Site "http://www.queenalice.com/game.php?id=439646"]
[Date "2008.7.27"]
[Round "-"]
[White "ORNELAS"]
[Black "papalucas"]
[Result "0-1"]
[WhiteElo "1722"]
[BlackElo "1748"]

1. b3 d5 2. e3 Nc6 3. g3 e5 4. Bb2 Bf5 5. Bg2 Nb4 6. d3 Qd6 7. a3 Na6 8. Nf3 f6
9. Nh4 Be6 10. Nd2 Nh6 11. Ndf3 g5 12. O-O gxh4 13. Nxh4 Qd7 14. Qh5+ Ke7 15. e4
Bg4 16. Ng6+ hxg6 17. Qxg6 Bh3 18. Qh5 Bxg2 19. Kxg2 d4 20. Bc1 Bg7 21. Bxh6
Rxh6 22. Qd1 c6 23. h4 Nc7 24. c4 dxc3 25. Rc1 Rh7 26. Rxc3 Nb5 27. Rc1 Nxa3 28.
Ra1 Nb5 29. Qc1 Nd4 30. Qc5+ Kf7 31. b4 b6 32. Qc4+ Kg6 33. f4 Qg4 34. f5+ Kh5
35. Qf7+ Kh6 36. Rac1 Ne2 37. Rxc6 Qxg3+ 38. Kh1 Qh3# 0-1

[Event "MOVE WITH CALM"]
[Site "http://www.queenalice.com/game.php?id=440047"]
[Date "2008.7.28"]
[Round "5"]
[White "papalucas"]
[Black "countdooku"]
[Result "1-0"]
[WhiteElo "1750"]
[BlackElo "1622"]

1. d4 d5 2. g3 Nf6 3. Nh3 g6 4. Bf4 Bg7 5. Be5 O-O 6. Bg2 c6 7. a4 Bf5 8. Ra3
Ne4 9. f3 Nd6 10. g4 Be6 11. Ng5 Bxe5 12. dxe5 Nc4 13. Rb3 Qc7 14. f4 Bxg4 15.
Qd3 Nd7 16. e4 Nc5 17. Qg3 Nxb3 18. Qxg4 Ne3 19. Qh3 Nxg2+ 20. Kf1 h5 21. Qxg2
1-0

[Event "AUTO-OPEN-982"]
[Site "http://www.queenalice.com/game.php?id=440472"]
[Date "2008.7.29"]
[Round "2"]
[White "papalucas"]
[Black "ShahMaster"]
[Result "1-0"]
[WhiteElo "1745"]
[BlackElo "1942"]

1. e3 e5 2. b3 d5 3. g3 Nf6 4. Bh3 Bxh3 5. Nxh3 Qd7 6. Ng5 h6 7. Nf3 Bd6 8. Bb2
Nc6 9. O-O O-O-O 10. Kg2 e4 11. Nd4 Rde8 12. Nxc6 Qxc6 13. Bxf6 gxf6 14. Qg4+
Kb8 15. Qg7 Be5 16. c3 Qe6 17. f4 Reg8 18. Qxh8 Rxh8 19. fxe5 Qxe5 20. Na3 h5
21. h4 Rg8 22. Rf4 c6 23. Raf1 a6 24. Kf2 f5 25. Nc2 Qg7 26. Rg1 Qe5 27. Nd4 Rg6
28. Rxf5 Rf6 29. Rxf6 Qxf6+ 30. Kg2 c5 31. Rf1 Qxf1+ 32. Kxf1 cxd4 33. exd4 Kc7
34. Kf2 f5 35. Ke3 Kd6 36. Kf4 Ke6 37. Kg5 1-0

[Event "AUTO-OPEN-982"]
[Site "http://www.queenalice.com/game.php?id=440473"]
[Date "2008.7.29"]
[Round "2"]
[White "ShahMaster"]
[Black "papalucas"]
[Result "1-0"]
[WhiteElo "1933"]
[BlackElo "1754"]

1. d4 d5 2. Nf3 Nf6 3. Nc3 Nc6 4. e3 e6 5. Bd3 a6 6. O-O g5 7. Nxg5 Qd6 8. e4
Nxd4 9. Qe1 Ng4 10. f4 Qc5 11. Kh1 b5 12. h3 Nh6 13. Be3 Bg7 14. e5 Nhf5 15.
Bxf5 exf5 16. Qf2 O-O 17. Bxd4 Qc6 18. Qh4 h6 19. Nf3 b4 20. Ne2 Qxc2 21. Qf2
Qc4 22. Rfc1 Qb5 23. Rxc7 Qa5 24. Rc5 Qd8 25. b3 a5 26. Ng3 Bh8 27. Nh5 Ra6 28.
Rac1 Ra8 29. Rc6 Kh7 30. Nf6+ Bxf6 31. Rxf6 Ra6 32. Rxa6 Bxa6 33. Rc6 Bd3 34.
Rf6 Be4 35. Qh4 Bxf3 36. Qxh6+ Kg8 37. Qg5+ 1-0

[Event "QA-ANNIV-04"]
[Site "http://www.queenalice.com/game.php?id=445644"]
[Date "2008.8.8"]
[Round "2"]
[White "bigbem"]
[Black "papalucas"]
[Result "0-1"]
[WhiteElo "1522"]
[BlackElo "1747"]

1. e4 e5 2. Nf3 d6 3. h3 Nf6 4. Nc3 Be7 5. d3 O-O 6. Bg5 Nc6 7. a3 h6 8. Bxf6
Bxf6 9. Nd5 g5 10. g4 Kg7 11. c4 Ne7 12. Nxf6 Kxf6 13. h4 Bxg4 14. Bh3 Bxh3 15.
Rxh3 g4 16. Rg3 gxf3 17. Qxf3+ Ke6 18. Qg4+ f5 19. exf5+ Nxf5 20. Qg6+ Kd7 21.
Qh7+ Kc6 22. Rf3 Nd4 23. Qe4+ Kb6 24. Rxf8 Qxf8 25. a4 Nc2+ 26. Kd1 Nxa1 27. Qe1
Qf3+ 28. Kd2 Rf8 29. Qxa1 Qxf2+ 30. Kc3 Qxh4 31. a5+ Ka6 32. Qa4 Qd4+ 33. Kb3
Qc5 34. d4 exd4 35. Qd7 Rf3+ 36. Kc2 Qxc4+ 37. Kd1 Rf2 38. Qf5 Qe2+ 39. Kc1
Qxb2+ 40. Kd1 Qd2# 0-1

[Event "Challenge"]
[Site "http://www.queenalice.com/game.php?id=448477"]
[Date "2008.8.14"]
[Round "-"]
[White "papalucas"]
[Black "Mike36bh"]
[Result "0-1"]
[WhiteElo "1761"]
[BlackElo "1810"]

1. d4 d5 2. Nc3 a6 3. e4 e6 4. e5 h6 5. a4 c5 6. dxc5 Bxc5 7. Nf3 f6 8. Bf4 Nc6
9. Bd3 f5 10. h3 Nge7 11. O-O Ng6 12. Bh2 Bd7 13. Qe2 O-O 14. Rad1 d4 15. Nb1 b5
16. axb5 axb5 17. Bxb5 Na7 18. Bxd7 Qxd7 19. c3 Nb5 20. c4 Nc7 21. Nc3 Qe7 22.
Nb5 Nxb5 23. cxb5 Qb7 24. Nxd4 Bxd4 25. Rxd4 Ra5 26. Rfd1 Rxb5 27. Qh5 Nxe5 28.
Bxe5 Rxe5 29. Rd7 Qb4 30. Qg6 Re1+ 31. Rxe1 Qxe1+ 32. Kh2 Qe5+ 33. g3 f4 34.
Rxg7+ Qxg7 35. Qxg7+ Kxg7 36. g4 Kg6 37. h4 e5 38. Kg2 Rb8 0-1

[Event "Challenge"]
[Site "http://www.queenalice.com/game.php?id=448478"]
[Date "2008.8.14"]
[Round "-"]
[White "Mike36bh"]
[Black "papalucas"]
[Result "1-0"]
[WhiteElo "1801"]
[BlackElo "1779"]

1. d4 b6 2. e4 Bb7 3. Nc3 Qc8 4. Nf3 e6 5. a3 Bc6 6. Bf4 a6 7. Be2 Nf6 8. d5 Bb7
9. O-O Be7 10. dxe6 dxe6 11. Bd3 Nh5 12. Be3 O-O 13. Bd4 Nf4 14. h3 c5 15. Be5
Nxh3+ 16. gxh3 f6 17. Bg3 e5 18. Bc4+ Kh8 19. Bd5 Nc6 20. Kg2 Rd8 21. Qe2 Rd6
22. Bxc6 Bxc6 23. Nd5 Qb7 24. c4 b5 25. b3 f5 26. Bxe5 Rh6 27. exf5 Qd7 28. Nxe7
Qxe7 29. Rg1 Rf8 30. Kf1 Rxh3 31. Bxg7+ 1-0

[Event "Challenge"]
[Site "http://www.queenalice.com/game.php?id=463517"]
[Date "2008.9.15"]
[Round "-"]
[White "papalucas"]
[Black "REUSKING"]
[Result "1-0"]
[WhiteElo "1754"]
[BlackElo "1987"]

1. d3 e5 2. e4 Nf6 3. Nf3 Nc6 4. b3 Be7 5. Bb2 d6 6. Be2 O-O 7. O-O h6 8. Nc3
Be6 9. d4 exd4 10. Nxd4 Nxd4 11. Qxd4 Nd7 12. Qe3 Bf6 13. f4 Nb6 14. Rad1 Bd7
15. Bd3 c5 16. e5 dxe5 17. Qxc5 exf4 18. Rxf4 Rc8 19. Qh5 Qc7 20. Rxf6 gxf6 21.
Qxh6 f5 22. Nb5 1-0

[Event "LIGA 2006"]
[Site "http://www.queenalice.com/game.php?id=471440"]
[Date "2008.10.1"]
[Round "5"]
[White "crister"]
[Black "papalucas"]
[Result "1-0"]
[WhiteElo "1810"]
[BlackElo "1764"]

1. e4 a5 2. Nf3 c6 3. d4 Nf6 4. e5 Nd5 5. c4 Nb6 6. Be2 e6 7. O-O c5 8. d5 d6 9.
Bg5 Qc7 10. Bf4 g6 11. Nc3 h6 12. Nb5 Qd8 13. exd6 Na6 14. Ne5 g5 15. Bg3 f6 16.
Bh5# 1-0